000 00464nam a2200169Ia 4500
008 230917s9999||||xx |||||||||||||| ||und||
020 _cGBP29.95
040 _e254169
_aMAIN
041 _aEnglish
082 _a338.4791 B855E
100 _aBuckley, Ralf
245 0 _aEcotourism: Principles and practices
260 _aWallingford
_bCAB International
_c2009
300 _ax, 368 p.
500 _a3415 23/01/2019 RBP19/73864 11/02/2019 IHTM (SFS)
942 _cBK
999 _c30338
_d30338